00580cam a2200169 a 4500003000400000005001700004008004100021020001700062040000800079050002100087100002000108245012100128260004200249300002600291504006400317650002900381OSt20220318071655.0940214s1994 nju bf 001 0 eng  a0896032779 : cDLC00aRC392b.B78 19941 aBurks, Susan L.10aManaging your migraine :ba migraine sufferer's practical guide /cby Susan L. Burks ; foreword by Fred D. Sheftell. aTotowa, N.J. :bHumana Press,cc1994. axvi, 248 p. ;c24 cm. aIncludes bibliographical references (p. 225-235) and index. 0aMigrainexPopular works.